000 00362 a2200121 4500
082 _aPGDIT-2
090 _c5368
_d5368
100 _aSana Nafees.
245 _aDigital library NIIT /
_cSana Nafees.
260 _aIslamabad:
_bNUST School of Electrical Engineering & Computer Science,
_c2000.
300 _a68 p. :
_bill. ;
_c27 cm. +
_eCD-ROM.
942 _cPR
_kPGDIT-2 SAN
999 _c9241
_d9241